|
|
|
|
| LEADER |
00000naa2a2200000 4500 |
| 001 |
110324 |
| 005 |
20231031120427.0 |
| 035 |
|
|
|a (RuTPU)RU\TPU\book\119148
|
| 090 |
|
|
|a 110324
|
| 100 |
|
|
|a 20070221d2006 k y0rusy50 ca
|
| 101 |
0 |
|
|a rus
|
| 102 |
|
|
|a RU
|
| 200 |
1 |
|
|a Влияние технологических факторов на структуру и свойства корундо-циркониевой керамики
|f А. Н. Забуйский
|
| 320 |
|
|
|a Библиогр.: 3 назв.
|
| 463 |
|
0 |
|0 (RuTPU)RU\TPU\book\114165
|t Электротехника, электромеханика и электротехнологии
|o труды шестой региональной научно-практической студенческой конференции, Томск, 6-9 июня 2006 г.
|f Томский политехнический университет; Электротехнический институт
|v С. 269-274
|d 2006
|p 360 с.
|
| 610 |
1 |
|
|a керамика
|
| 610 |
1 |
|
|a корундо-циркониевая керамика
|
| 610 |
1 |
|
|a качество
|
| 610 |
1 |
|
|a ультрадисперсные порошки
|
| 610 |
1 |
|
|a одноостное прессование
|
| 610 |
1 |
|
|a шликерное литьё
|
| 610 |
1 |
|
|a труды учёных ТПУ
|
| 700 |
|
1 |
|a Забуйский
|b А. Н.
|
| 801 |
|
1 |
|a RU
|b 63413507
|c 20070221
|g PSBO
|
| 801 |
|
2 |
|a RU
|b 63413507
|c 20100202
|g RCR
|
| 942 |
|
|
|c BK
|